000 00841nam a2200265 4500
003 OSt
005 20260601170957.0
008 260422b1980\\\\sp\a||||\||||\00|\0\spa\d
020 _a8425209501
040 _aICI
_bspa
_cICI
050 _aT14.5
_bE543
100 1 _aElliott, David,
_d1943-
_eautor
245 1 _aDiseno, tecnologia y participacion /
_cDavid Elliott, Nigel Cross ; version castellana de Cristina Holm
264 _aBarcelona :
_bGustavo Gili,
_b1980
300 _a188 páginas
336 _atexto
_2rdacontent
337 _asin medio
_2rdamedia
338 _avolumen
_2rdacarrier
490 0 _aColección Tecnología y sociedad
650 4 _aDiseño industrial
_915218
650 4 _aTecnología
_xAspectos sociales
700 1 _aCross, Nigel,
_eautor
700 1 _aHolm, Cristina,
_etraductor
_930828
942 _2lcc
_cB
_n1
999 _c19904
_d19904